000 00653nam a2200205 4500
003 OSt
005 20240705011716.0
006 a
008 240705b |||||||| |||| 00| 0 eng d
020 _a9781740480345
040 _aDWCL-Main lib.
_cOC
082 _aGR. 822.33 S527 2009
245 _aThe Shakespeare Encyclopedia: the complete guide to the Man and his works /
260 _aAustralia:
_bGlobal Book Pub.,
_cc2009.
300 _b304 p.: ill. ( some col.);
_c31 cm.
504 _aIncludes bibliographical references & index.
650 _a1. Shakespeare, William 1564-1616-encyclopedia.
700 _aEmma Driver
942 _2ddc
_n0
_cGR
_kGR.
999 _c1980
_d1980